Normal view
MARC view
Entry Personal Name
001 - CONTROL NUMBER
- control field: 15360
003 - CONTROL NUMBER IDENTIFIER
- control field: OSt
005 - DATE AND TIME OF LATEST TRANSACTION
- control field: 20211105133920.0
008 - FIXED-LENGTH DATA ELEMENTS
- fixed length control field: 211105|| aca||aabn | a|a d
040 ## - CATALOGING SOURCE
- Original cataloging agency: OSt
- Transcribing agency: OSt
100 ## - HEADING--PERSONAL NAME
- Personal name: Pottasch, S. R., e
670 ## - SOURCE DATA FOUND
- Source citation: Work cat.: (OSt): Workshop on Late Stages of Stellar Evolution Galgary, Canada 1986 June 2-5 15358, Late stages of stellar evolution, 1987